A comparison of the readability level of selected, printed health education materials and the reading level of the Guilford County Health Department child health clients /

Bibliographic Details
Main Author: Everett, Barbara Blanks
Format: Thesis Microform Book
Language:English
Published: [Place of publication not identified] : [publisher not identified] ; 1984.
Subjects:

MARC

Tag First Indicator Second Indicator Subfields
LEADER 00000cam a2200000 a 4500
001 in00000034002
005 20151007055148.0
007 he bmb|||||||
008 860514r19861984orua bb 00010 eng d
035 |a (OCoLC)13569115 
035 |9 AAB7440AM 
040 |a ORU  |c MUU  |d MUU  |d HPE  |d TXA  |d UtOrBLW 
049 |a TXAI 
099 |a fiche  |a C  |a 9493 
100 1 |a Everett, Barbara Blanks. 
245 1 2 |a A comparison of the readability level of selected, printed health education materials and the reading level of the Guilford County Health Department child health clients /  |c by Barbara Blanks Everett. 
264 1 |a [Place of publication not identified] :  |b [publisher not identified] ;  |c 1984. 
300 |a viii, 94 leaves :  |b illustrations 
336 |a text  |b txt  |2 rdacontent 
337 |a microform  |b h  |2 rdamedia 
338 |a microfiche  |b he  |2 rdacarrier 
502 |b M. Ed.  |c University of North Carolina at Greensboro  |d 1984. 
504 |a Bibliography: leaves 69-73. 
533 |a Microfiche.  |b Eugene :  |c Microform Publications, College of Human Development and Performance, University of Oregon,  |d 1986.  |e 2 microfiches : negative ; 11 x 15 cm. 
500 |a Microform. 
650 0 |a Readability (Literary style) 
650 0 |a Patient education. 
650 0 |a Reading  |x Ability testing. 
999 |a MARS 
999 f f |s 05883bb0-28f1-3bf3-9a8a-d59e1c8846ae  |i 466fd53d-9bb9-3444-9685-9de2041adcd6  |t 0 
952 f f |p normal  |a Texas A&M University  |b College Station  |c Sterling C. Evans Library  |d Evans: Microforms (3rd floor)  |t 0  |e fiche C 9493  |h Other scheme  |i microform -- microfiche  |m A14823244638 
998 f f |a fiche C 9493  |t 0  |l Evans: Microforms (3rd floor)